| 000 | 01116cam a2200313 i 4500 | ||
|---|---|---|---|
| 999 |
_c200441258 _d59470 |
||
| 001 | 200441258 | ||
| 003 | TR-AnTOB | ||
| 005 | 20240824073708.0 | ||
| 007 | ta | ||
| 008 | 710802s1968 fr a 000 0 eng d | ||
| 010 | _a78580282 | ||
| 015 | _aF*** | ||
| 040 |
_aDLC _beng _erda _cDLC _dTR-AnTOB _dUtOrBLW |
||
| 041 | 0 | _aeng | |
| 050 | 1 | 4 |
_aHC59.7 _b.O7 1968 |
| 090 |
_aTOBBK HC59.7 _b.O7 1968 |
||
| 110 | 2 |
_aOrganisation for Economic Co-operation and Development _0http://id.loc.gov/authorities/names/n79045354. _933753 |
|
| 245 | 1 | 0 |
_aPilot teams project : _bevaluation conference. |
| 264 | 1 |
_a[Paris] : _b[publisher not identified], _c[1968] |
|
| 300 |
_a260 pages : _billustrations ; _c24 cm |
||
| 336 |
_atext _btxt _2rdacontent |
||
| 337 |
_aunmediated _bn _2rdamedia |
||
| 338 |
_avolume _bnc _2rdacarrier |
||
| 650 | 0 |
_aResearch _zDeveloping countries. _0http://id.loc.gov/authorities/subjects/sh2010110849. _921004 |
|
| 653 | _aResearch Developing countries. http://id.loc.gov/authorities/subjects/sh2010110849. | ||
| 942 |
_2z _cBK |
||